LEADER 01505nam a2200313 u 4500 001 000000013822 003 CaOOAMICUS 005 20070226105707.0 008 940517s1945 it a u000 u ita u 035 $a10328914 040 $aPUL(R)$bita 041 1 $aita$hlat 100 0 $aAugustinus,$cs., vesc. d'Ippona,$d354-430.$0(OLS)http://pul/name/1290 240 10$aConfessiones$9(Augustinus, s., vesc. d'Ippona, 354-430).$lItaliano.$0(OLS)http://pul/title/1687 245 13$aLe confessioni /$cSanto Aurelio Agostino ; nella versione di Monsignor Enrico Bindi. 260 $aTorino :$bUTET,$c1945. 300 $a419 p. :$bill. ;$c18 cm 490 1 $aAscetica e mistica : collana di letture spirituali 500 $aComprende note. 700 1 $aBindi, Enrico,$carciv. di Siena,$d1812-1876.$0(OLS)http://pul/name/12940 830 0$aAscetica e mistica : collana di letture spirituali.$0(OLS)http://pul/title/1498 850 $aPUL 852 $aPUL$W1$xDP1 Fondo Maccarrone$y58$m1523 A 42$j19420$nBK-PRI$b $qFondi$B19420$CPULBib$Z2$F19420 $H $81 852 $aPUL$W1$xDP1 Fondo Pastorale$y55$mP4 D 48$j19421$nBK-PRI$b $qFondi$B19421$CPULBib$Z2$F19421 $HPUL116 $81 900 $aAgostino,$cs., vesc. d'Ippona,$d354-430$91290 900 $aAgostino, Aurelio,$cs., vesc. d'Ippona$d354-430$91290 941 1 $a1 996 $6245$aLe confessioni$9(OLS)http://pul/title/19897 996 $6260$aTorino :$bUTET$9(OLS)http://pul/publisher/48088 LEADER 01153nam a2200277 a 4500 001 000000154057 003 CaOOAMICUS 005 20160919132603.0 008 160919s1983 fr u000 u fre r 020 $a2-255-78650-X* 032 $aLibriCat 040 $aPUL$bita 100 1 $aColard, Daniel.$0(OLS)http://pul/name/98068 245 10$aDroit des relations internationales : $bdocuments fondamentaux / $cDaniel Colard. 260 $aParis :$bMasson,$cİ1983. 300 $a252 p. ;$c24 cm. 490 1 $aCollection droit - Sciences economiques 650 4$aRelazioni internazionali.$0(OLS)http://pul/subject/27045 830 0$aCollection droit - Sciences economiques.$0(OLS)http://pul/title/193635 850 $aPUL 852 $aPUL$W1$xDP1 Fondo G. Barberini$y122$m4 E 55$j177072$qFondi$B180035$CPULBib$Z2$F180035 $HBar469 $81 941 1 $a1 996 $6020$a2-255-78650-X*$9(OLS)http://pul/number/161092 996 $6245$aDroit des relations internationales : $bdocuments fondamentaux / $9(OLS)http://pul/title/193633 996 $6260$aParis :$bMasson$9(OLS)http://pul/publisher/50815